The Rupa Carnival of Terror (Record no. 152967)

MARC details
000 -LEADER
fixed length control field 00683nam a22002417a 4500
005 - DATE AND TIME OF LATEST TRANSACTION
control field 20181103163104.0
008 - FIXED-LENGTH DATA ELEMENTS--GENERAL INFORMATION
fixed length control field 180622b xxu||||| |||| 00| 0 eng d
010 ## - LCCN (DPL NO)
LC control number B-229208
020 ## - INTERNATIONAL STANDARD BOOK NUMBER
International Standard Book Number 9780590210621
Terms of availability 95.00
020 ## - INTERNATIONAL STANDARD BOOK NUMBER
International Standard Book Number 8129110415
035 ## - SYSTEM CONTROL NUMBER
System control number B-331843-862
035 ## - SYSTEM CONTROL NUMBER
System control number B-229207,B-229208
037 ## - SOURCE OF ACQUISITION
Source of stock number/acquisition BPPD/PUB
040 ## - CATALOGING SOURCE
Original cataloging agency dpl
Language of cataloging English
082 ## - DEWEY DECIMAL CLASSIFICATION NUMBER
Classification number N
100 ## - MAIN ENTRY--PERSONAL NAME
Personal name Bond Ruskin
245 ## - TITLE STATEMENT
Title The Rupa Carnival of Terror
Statement of responsibility, etc by Ruskin Bond
260 ## - PUBLICATION, DISTRIBUTION, ETC. (IMPRINT)
Name of publisher, distributor, etc Rupa, Co
Date of publication, distribution, etc 2006
Place of publication, distribution, etc New Delhi
270 ## - ADDRESS
Address A-102/1 Okhla Industrial Area Phase-2
City New Delhi
Postal code 110020
300 ## - PHYSICAL DESCRIPTION
Extent viii, 220p.
Dimensions 19cm(pbk)
942 ## - ADDED ENTRY ELEMENTS (KOHA)
Item type English Books
Source of classification or shelving scheme Dewey Decimal Classification
Call number suffix RUP
Classification part N
Holdings
Withdrawn status Lost status Source of classification or shelving scheme Damaged status Not for loan Collection code Home library Current library Date acquired Source of acquisition Cost, normal purchase price Total Checkouts Full call number Barcode Date last seen Cost, replacement price Koha item type
    Dewey Decimal Classification     Non-fiction Shahdara Branch Shahdara Branch 22/06/2018 BPPD/PUB 95.00 3 N RUP B-229207 18/03/2023 95.00 English Books
    Dewey Decimal Classification     Fiction Yojana Vihar Yojana Vihar 03/11/2018 BPPD/PUB 95.00   N RUP B-229208 03/11/2018 95.00 English Books

© Delhi Public Library
Hit Counter
free hit counter